Phương pháp luận nghiên cứu khoa học

Nội dung tài liệu bao gồm: Xác lập đề tài nghiên cứu. Phương pháp thu thập dữ liệu. Phương pháp xử lý dữ liệu. Viết báo cáo nghiên cứu.

Tallennettuna:
Bibliografiset tiedot
Päätekijä: Trung Nguyên
Aineistotyyppi: Kirja
Kieli:Undetermined
Julkaistu: Hà Nội Giao thông vận tải 2008
Aiheet:
Tagit: Lisää tagi
Ei tageja, Lisää ensimmäinen tagi!
Thư viện lưu trữ: Trung tâm Học liệu Trường Đại học Cần Thơ
LEADER 00823nam a2200217Ia 4500
001 CTU_132675
008 210402s9999 xx 000 0 und d
020 |c 54000 
082 |a 001.42 
082 |b Tr513 
100 |a Trung Nguyên 
245 0 |a Phương pháp luận nghiên cứu khoa học 
245 0 |c Trung Nguyên 
260 |a Hà Nội 
260 |b Giao thông vận tải 
260 |c 2008 
520 |a Nội dung tài liệu bao gồm: Xác lập đề tài nghiên cứu. Phương pháp thu thập dữ liệu. Phương pháp xử lý dữ liệu. Viết báo cáo nghiên cứu. 
650 |a Science,Khoa học 
650 |x Research,Nghiên cứu 
904 |i Quang Hiếu 
980 |a Trung tâm Học liệu Trường Đại học Cần Thơ